|
|
|
|
| LEADER |
01288nam a22003612a 4500 |
| 001 |
000931322 |
| 003 |
CZ BrMZK |
| 005 |
20090224133034.0 |
| 007 |
ta |
| 008 |
090224s1985 xr er|||||||||||cze d |
| 015 |
|
|
|a cnb000024797
|
| 020 |
|
|
|q (Brož.) :
|c 7 Kčs
|
| 035 |
|
|
|a (OCoLC)39585678
|
| 040 |
|
|
|a ABA001
|b cze
|d ABA001
|d BOA001
|
| 080 |
9 |
|
|a 82-82
|
| 080 |
9 |
|
|a 376.42
|
| 080 |
9 |
|
|a 372.41.02
|
| 100 |
1 |
|
|a Vaňous, Jan,
|d 1911-1986
|7 jk01141598
|4 aut
|
| 245 |
1 |
0 |
|a Metodická příručka k Čítance pro 4. ročník zvláštní školy /
|c Jan Vaňous, Vladimír Linc
|
| 250 |
|
|
|a 3. vyd.
|
| 260 |
|
|
|a Praha :
|b Státní pedagogické nakladatelství,
|c 1985
|e (Ostrava :
|f MTZ 21)
|
| 300 |
|
|
|a 99 s. ;
|c 29 cm
|
| 490 |
1 |
|
|a Metodické příručky k učebnicím
|
| 500 |
|
|
|a 3500 výt.
|
| 504 |
|
|
|a Obsahuje bibliografii, bibliografické odkazy a rejstřík
|
| 655 |
|
7 |
|a metodické příručky
|7 fd132826
|2 czenas
|
| 700 |
1 |
|
|a Linc, Vladimír,
|d 1923-1995
|7 jk01072129
|4 aut
|
| 830 |
|
0 |
|a Metodické příručky k učebnicím
|0 s
|
| 910 |
|
|
|a BOA001
|b 4-0833.018-85
|
| 964 |
|
|
|a Čeština - čítanky - průvodci - školy zvláštní
|
| 990 |
|
|
|a BK
|
| 991 |
|
|
|b 200902
|
| 996 |
6 |
|
|b BC-678676
|c 4-0833.018-85
|l MZK
|r Sklad / do 1 hodiny
|n 0
|w 000931322
|u 000010
|a 1
|e BOA001
|j MZK50
|s P
|